Tunnista kala - Statistics

Yleistilastot
  • Tätä visaa on pelattu 167 kertaa
  • Keskiarvotulos 5 / 6
Vastaustilastot
Kuvavisa Vastaus % Oikein
ahven
98%
hauki
98%
lohi
97%
kuha
88%
taimen
80%
harjus
55%
Ehtoja vastaavia visoja ei löytynyt
Tulosjakauma
Jokaisen tuloksen saaneiden osuus
Persentiili vastausten määrän mukaan
Tuloshistoriasi
Et ole pelannut tätä visaa